|
|
|
|
| LEADER |
00000nam0a2200000 4500 |
| 001 |
216078 |
| 005 |
20231101230020.0 |
| 035 |
|
|
|a (RuTPU)RU\TPU\book\236039
|
| 090 |
|
|
|a 216078
|
| 100 |
|
|
|a 20120521d1906 km y0rusy50 ca
|
| 101 |
0 |
|
|a rus
|
| 102 |
|
|
|a RU
|
| 105 |
|
|
|a y z 000zd
|
| 200 |
1 |
|
|a Тайное общество декабристов
|e исторический очерк, написанный на основании следственного дела
|f М. В. Довнар-Запольский
|
| 210 |
|
|
|a Москва
|c Типография Т-ва И. Д. Сытина
|d 1906
|
| 215 |
|
|
|a 340 с.
|
| 300 |
|
|
|a Конволют.
|
| 316 |
|
|
|5 63413507: 81//329
|a Комбинированный темно-вишневый владельческий переплет,узорный обрез, на корешке инициалы "М.С."
|
| 317 |
|
|
|5 63413507: 81//329
|a Поступила в дар от профессора ТТИ А. П. Малышева в ноябре 1923 г.
|
| 320 |
|
|
|a Библиогр. в примеч. в конце ст.
|
| 330 |
|
|
|a Исторический очерк профессора М. В. Довнар-Запольского "Тайное общество декабристов" написан на основе изучения следственного дела из Государственного архива и анализа существующих на тот момент статей, биографий, материалов, записок современников о декабристском движении. Книга является частью трилоии о декабристах: "Тайное общество декабристов"(М., 1906), "Идеалы декабристов"(М.,1907) и "Декабрьская революция 1825 года" (М.,1917). В конволют включены две первых работы.
|
| 423 |
|
|
|t Идеалы декабристов
|f М. В. Довнар-Запольский
|c Москва
|n Типография Т-ва И. Д. Сытина
|d 1907
|p 423 c.
|a Довнар-Запольский, Митрофан Викторович
|
| 600 |
|
1 |
|a Пестель
|b П. И.
|c русский дворянин
|f 1793-1826
|g Павел Иванович
|c декабрист
|c полковник Вятского пехотного полка
|2 stltpush
|3 (RuTPU)RU\TPU\pers\10788
|
| 600 |
|
1 |
|a Муравьев
|b Н. М.
|c декабрист
|c капитан
|f 1795-1843
|g Никита Михайлович
|2 stltpush
|3 (RuTPU)RU\TPU\pers\12735
|9 3625
|
| 600 |
|
1 |
|a Рылеев
|b К. Ф.
|c русский поэт
|c декабрист
|f 1795-1826
|g Кондратий Федорович
|2 stltpush
|3 (RuTPU)RU\TPU\pers\11919
|9 3028
|
| 610 |
1 |
|
|a декабристы
|
| 610 |
1 |
|
|a тайные общества
|
| 610 |
1 |
|
|a тайные союзы
|
| 610 |
1 |
|
|a Союз благоденствия
|
| 610 |
1 |
|
|a Южное общество
|
| 610 |
1 |
|
|a Северное общество
|
| 610 |
1 |
|
|a история России
|
| 610 |
1 |
|
|a 19 век
|
| 610 |
1 |
|
|a дары
|
| 610 |
1 |
|
|a коллекция А. П. Малышева
|
| 686 |
|
|
|a Т3(2)521-425
|v LBC/SL-A
|2 rubbk
|
| 700 |
|
1 |
|a Довнар-Запольский
|b М. В.
|c русский историк
|c фольклорист и этнограф
|c профессор русской истории Киевского Университета
|c основоположник белорусской национальной историографии
|f 1867-1934
|g Митрофан Викторович
|2 stltpush
|3 (RuTPU)RU\TPU\pers\29542
|9 14078
|
| 801 |
|
1 |
|a RU
|b 63413507
|c 20120521
|
| 801 |
|
2 |
|a RU
|b 63413507
|c 20170302
|g RCR
|
| 942 |
|
|
|c BK
|